Score 0/27 Timer 08:00
0 Plays Today
% Correct
Zoomancy
95.2%
Hydromancy
94.5%
Bibliomancy
94%
Astrology
93.3%
Pyromancy
93%
Necromancy
91.6%
Meteoromancy
88.7%
Arithmomancy
80%
Spasmatomancy
75.5%
Ichthyomancy
72.6%
Scatomancy
66.6%
Scapulomancy
63.2%
Anthropomancy
55.8%
Gyromancy
54.6%
% Correct
Theomancy
47.1%
Lithomancy
46.4%
Xylomancy
37.7%
Gastromancy
33.2%
Omphalomancy
32.2%
Chiromancy
30.8%
Oneiromancy
29.3%
Ceromancy
28.8%
Cleromancy
16.6%
Tyromancy
14.9%
Cromnyomancy
11.5%
Ceraunomancy
10.3%
Crithomancy
8.9%

You're not logged in!

Compare scores with friends on all Sporcle quizzes.
OR
Log In

Sporcle TV

Today on Sporcle TV


Watch our educational content, quiz creation guides, and fun videos on Sporcle TV.

Show Comments

Extras

Top Quizzes Today


Score Distribution

Paid Content

Your Account Isn't Verified!

In order to create a playlist on Sporcle, you need to verify the email address you used during registration. Go to your Sporcle Settings to finish the process.

Report this User

Report this user for behavior that violates our Community Guidelines.

Details: